10 Most Popular Coffee Types In The United States - Statistics

General Stats
  • This quiz has been taken 93 times
  • The average score is 6 of 10
Answer Stats
Hint Answer % Correct
Italian Word Meaning "Coffee and Milk" Latté
92%
Topped With Thick Microfoam Cappuccino
89%
Very Bitter, Often Considered More Thick Then Normal Coffee Espresso
86%
Made From Water And Espresso Americano
78%
Same As Latté, But Topped With Chocolate Syrup or Cocoa Powder Mocha/Caffe Mocha
74%
Popular Frozen Coffee; Sweet Thick Drink Frappe/Frappuccino
59%
Made By Soaking Grinds At Room Temperature Or In The Fridge For 12 Hrs Or More Cold Brew
49%
Made With Few Shots of Espresso, Splash of Steamed Milk, Topped With Slight Bit of Milk Foam Macchiato
41%
Made With Espresso And Vanilla Ice Cream Affogato
29%
Originated From France; Made With Equal Parts French Press Brewed Coffee And Steamed Milk. Lait/Cafe Au Lait
26%
No matching quizzes found
Score Distribution
Percent of People with Each Score
Percentile by Number Answered
Your Score History
You have not taken this quiz